| 000 | 00627nam a2200241Ia 4500 | ||
|---|---|---|---|
| 003 | OSt | ||
| 005 | 20221005131051.0 | ||
| 006 | a|||||r|||| 00| 0 | ||
| 007 | ta | ||
| 008 | 221004b |||||||| |||| 00| 0 eng d | ||
| 024 | _a42978 | ||
| 037 | _cTextual | ||
| 040 |
_aCRL _cCRL _beng |
||
| 041 |
_2eng _aeng |
||
| 082 | _aO142:3M93x, 111H9 | ||
| 100 |
_aPaustovsky Konstantin _962418 |
||
| 245 | 0 | _aSelected stories | |
| 260 | _c1949 | ||
| 650 | _a ENGLISH LITERATURE | ||
| 650 | _aRUSSIAN LITERATURE | ||
| 942 |
_hO142:3M93x, 111H9 _cTEXL _2cc |
||
| 999 |
_c1059238 _d1059238 |
||